Banderas y escudos dominicanos / (Record no. 27012)
[ view plain ]
| 000 -CABECERA | |
|---|---|
| campo de control de longitud fija | 00713nam a2200205 a 4500 |
| 001 - NÚMERO DE CONTROL | |
| campo de control | 000027520 |
| 003 - IDENTIFICADOR DEL NÚMERO DE CONTROL | |
| campo de control | OSt |
| 005 - FECHA Y HORA DE LA ÚLTIMA TRANSACCIÓN | |
| campo de control | 20240307183814.0 |
| 008 - DATOS DE LONGITUD FIJA--INFORMACIÓN GENERAL | |
| campo de control de longitud fija | 110401s1981 dr ac r 000 0 spa d |
| 040 ## - FUENTE DE LA CATALOGACIÓN | |
| Centro catalogador/agencia de origen | DO-SdBNP |
| Lengua de catalogación | spa |
| Centro/agencia transcriptor | BNPHU |
| 082 ## - NÚMERO DE LA CLASIFICACIÓN DECIMAL DEWEY | |
| Número de clasificación | xxxx |
| Número de documento/Ítem | M433b |
| 100 1# - ENTRADA PRINCIPAL--NOMBRE DE PERSONA | |
| Nombre de persona | Matos G., Ramiro |
| Forma completa/desarrollada del nombre | (Matos González) |
| Fechas asociadas al nombre | 1927- |
| 9 (RLIN) | 37780 |
| 245 10 - MENCIÓN DE TÍTULO | |
| Título | Banderas y escudos dominicanos / |
| Mención de responsabilidad, etc. | Ramiro Matos González ; prólogo José Miguel Soto. |
| 260 ## - PUBLICACIÓN, DISTRIBUCIÓN, ETC. | |
| Lugar de publicación, distribución, etc. | Santo Domingo : |
| Nombre del editor, distribuidor, etc. | Edita-Libros, |
| Fecha de publicación, distribución, etc. | 1981. |
| 300 ## - DESCRIPCIÓN FÍSICA | |
| Extensión | 92 p. : |
| Otras características físicas | il., retrs. ; |
| Dimensiones | 25 cm. |
| 504 ## - NOTA DE BIBLIOGRAFÍA, ETC. | |
| Nota de bibliografía, etc. | Incluye referencias bibliográficas y notas al pie de las páginas |
| 590 ## - NOTA LOCAL (RLIN) | |
| Nota local | Inventariado, 2020/ YL |
| 700 1# - PUNTO DE ACCESO ADICIONAL--NOMBRE DE PERSONA | |
| Nombre de persona | Soto, José Miguel, |
| Término indicativo de función/relación | pról. |
| 9 (RLIN) | 26983 |
| 942 ## - ELEMENTOS DE PUNTO DE ACCESO ADICIONAL (KOHA) | |
| Fuente del sistema de clasificación o colocación | Dewey Decimal Classification |
| Tipo de ítem Koha | Libro |
| Estado de retiro | Estado de pérdida | Fuente del sistema de clasificación o colocación | Restricciones de uso | No para préstamo | Código de colección | Localización permanente | Ubicación/localización actual | Ubicación en estantería | Fecha de adquisición | Fuente de adquisición | Número de inventario | Total de préstamos | Signatura topográfica completa | Código de barras | Fecha visto por última vez | Precio válido a partir de | Tipo de ítem Koha | Número de copia |
|---|---|---|---|---|---|---|---|---|---|---|---|---|---|---|---|---|---|---|
| Dewey Decimal Classification | Excluido de préstamo | Excluido de préstamo | Patrimonio Dominicano | Patrimonio Dominicano | Patrimonio Dominicano | Depósito | 01.04.2011 | Donación | LF1 | xxxx M433b | 27520-10 | 25.06.2020 | 25.06.2020 | Libro y Folleto Colección Patrimonio Dominicano | ||||
| Dewey Decimal Classification | Excluido de préstamo | Excluido de préstamo | Patrimonio Dominicano | Patrimonio Dominicano | Patrimonio Dominicano | Depósito | 01.04.2013 | Flia. Reyes Duluc | LF1 | xxxx M433b | 2020-0244 | 28.10.2020 | 25.06.2020 | Libro y Folleto Colección Patrimonio Dominicano | e. 2 | |||
| Dewey Decimal Classification | Préstamo en sala | Préstamo en sala | Dominicana de Servicio | Patrimonio Dominicano | Patrimonio Dominicano | Depósito | 28.10.2020 | Donación | LF1 | xxxx M433b | 2020-0245 | 28.10.2020 | 25.06.2020 | Libro y Folleto Colección Dominicana de Servicio | e. 3 | |||
| Dewey Decimal Classification | Préstamo en sala | Préstamo en sala | Dominicana de Servicio | Patrimonio Dominicano | Patrimonio Dominicano | Depósito | 28.10.2020 | Donación | LF1 | xxxx M433b | 2020-0246 | 28.10.2020 | 25.06.2020 | Libro y Folleto Colección Dominicana de Servicio | e. 4 | |||
| Dewey Decimal Classification | Préstamo en sala | Préstamo en sala | Dominicana de Servicio | Patrimonio Dominicano | Patrimonio Dominicano | Depósito | 28.10.2012 | B. Rep. Dom. | LF1 | xxxx M433b | 2020-0247 | 28.10.2020 | 25.06.2020 | Libro y Folleto Colección Dominicana de Servicio | e. 5 |
